000 01341nam0a22002891 4500
001 rc\3202768
005 20130115135556.4
021 _aRU
_b76-91883
035 _a(NLR Aleph) 007357590
090 _a6274051
_c6274051
100 _a20130115d1976 |||y0rusy50 ca
101 0 _arus
102 _aRU
105 _aa z |||||
200 1 _aГеологическое строение и перспективы нефтегазоносности Центральной Балтики
_f[Отв. ред. д. г.-м. н., проф. А.А. Геодекян]
_gАН СССР. Ин-т океанологии им. П.П. Ширшова. М-во геологии СССР. ВНИИ Морской геологии и геофизики Литов. науч.-исслед. геол.-развед. ин-т
210 _aМосква
_cНаука
_d1976
215 _a110 с., 2 л. схем.
_cил.
_d27
300 _aНа обороте тит. л. авт. А.А. Геодекян, Ф.К. Волколаков, И.Т. Дубовской [и др.]
320 _aБиблиогр.: с. 103-109
701 1 _aВолколаков
_bФ. К.
701 1 _aДубровской
_bИ. Т.
701 1 _aГеодекян
_bА. А.
_4340
801 0 _aRU
_bNLR
_gpsbo
801 1 _aRU
_bELAR
_2rusmarc
852 _aNLR
_j77-7/2182
942 _cBOOK
980 _aNB